Loading...
Fine Arts - Classical Music | 4 | 12.50 | 100% | 25% | 0% |
Fine Arts - Other Fine Arts | 5 | 22.00 | 100% | 80% | 40% |
Fine Arts - Painting & Sculpture | 3 | 13.33 | 67% | 67% | 0% |
History - American History | 3 | 10.00 | 100% | 0% | 0% |
History - European History | 3 | 16.67 | 100% | 67% | 0% |
History - Other History | 4 | 12.50 | 75% | 50% | 0% |
History - World History | 3 | 16.67 | 100% | 33% | 33% |
Literature - American Literature | 4 | 7.50 | 75% | 0% | 0% |
Literature - British Literature | 4 | 7.50 | 75% | 0% | 0% |
Literature - European Literature | 1 | 10.00 | 100% | 0% | 0% |
Literature - World Literature | 3 | 3.33 | 33% | 0% | 0% |
Mythology | 2 | 10.00 | 100% | 0% | 0% |
Other | 2 | 10.00 | 100% | 0% | 0% |
Philosophy | 2 | 10.00 | 100% | 0% | 0% |
Religion | 2 | 15.00 | 100% | 0% | 50% |
Science - Biology | 5 | 14.00 | 100% | 40% | 0% |
Science - Chemistry | 1 | 10.00 | 100% | 0% | 0% |
Science - Other Science | 6 | 6.67 | 67% | 0% | 0% |
Science - Physics | 2 | 5.00 | 50% | 0% | 0% |
Social Science | 4 | 7.50 | 75% | 0% | 0% |